00769nam a2200169Ia 4500008004100000020001800041050002100059100003400080245012900114260002200243300003400265440003500299650002300334952011100357952011400468999001700582120721s9999 xx 000 0 und d a84-277-1537-4 aLB 1555 G47 2006 aGervilla Castillo, Ángeles. aDidáctica básica de la educación infantil : conocer y comprender a los más pequeños / Ángeles Gervilla Castillo. aEspaña : Narcea a185 p. : gráficas, : 24 cm. aCol. Educación Hoy. Estudios a1. Educación.Ì 00104070a21b21d2011-10-10l12oLB 1555 G47 2006p21 000230r2019-10-22s2019-10-22t1w2012-07-20yLB 00104070a21b21d2011-10-10l24m4oLB 1555 G47 2006p21 000231r2019-02-05s2019-02-05t2w2012-07-20yLB c83169d83169